Music Quiz

Random Music or Taylor Swift Quiz
Score 0/100 Timer 10:00
0 Plays Today
Album Song Name % Correct
Taylor SwiftTim McGraw
80.6%
RedRed
80.6%
Beautiful EyesBeautiful Eyes
77.8%
FearlessFearless
77.8%
UnreleasedI'd Lie
75%
Beautiful EyesI Heart ?
75%
Taylor SwiftPicture to Burn
75%
Speak NowSpeak Now
75%
Speak NowDear John
75%
Speak NowMean
75%
SingleOurs
75%
Taylor SwiftTeardrops on my Guitar
72.2%
FearlessFifteen
72.2%
FearlessLove Story
72.2%
FearlessWhite Horse
72.2%
FearlessYou Belong With Me
72.2%
Speak NowBack to December
72.2%
Speak NowLast Kiss
72.2%
Speak NowLong Live
72.2%
Hunger Games SoundtrackSafe and Sound
72.2%
RedState of Grace
72.2%
RedI Knew You Were Trouble
72.2%
RedBegin Again
72.2%
Taylor SwiftOur Song
69.4%
FearlessChange
69.4%
Speak NowMine
69.4%
Speak NowSparks Fly
69.4%
Speak NowThe Story of Us
69.4%
Speak NowEnchanted
69.4%
Speak NowInnocent
69.4%
Speak NowHaunted
69.4%
SingleSuperman
69.4%
Valentine's Day SoundtrackToday Was A Fairytale
69.4%
Hunger Games SoundtrackEyes Open
69.4%
Album Song Name % Correct
RedTreacherous
69.4%
RedWe Are Never Ever Getting Back Together
69.4%
Taylor SwiftInvisible
66.7%
FearlessForever and Always
66.7%
FearlessHey Stephen
66.7%
Speak NowNever Grow Up
66.7%
Speak NowBetter than Revenge
66.7%
The Taylor Swift Holiday CollectionSanta Baby
66.7%
RedAll Too Well
66.7%
RedThe Lucky One
66.7%
Taylor SwiftI'm Only Me When I'm With You
63.9%
FearlessJump then Fall
63.9%
FearlessBreathe
63.9%
FearlessTell Me Why
63.9%
FearlessYou're Not Sorry
63.9%
The Taylor Swift Holiday CollectionLast Christmas
63.9%
RedHoly Ground
63.9%
RedSad Beautiful Tragic
63.9%
RedStarlight
63.9%
RedThe Moment I Knew
63.9%
Taylor SwiftCold As You
61.1%
Taylor SwiftShould've Said No
61.1%
Taylor SwiftPerfectly Good Heart
61.1%
FearlessThe Best Day
61.1%
SingleIf This Was A Movie
61.1%
RedEverything Has Changed
61.1%
RedCome Back... Be Here
61.1%
Taylor SwiftA Place in this World
58.3%
Taylor SwiftThe Outside
58.3%
Taylor SwiftStay Beautiful
58.3%
FearlessUntouchable
58.3%
FearlessCome In With The Rain
58.3%
FearlessSuperstar
58.3%
FearlessThe Other Side Of The Door
58.3%
Album Song Name % Correct
FearlessThe Way I Loved You
58.3%
The Taylor Swift Holiday CollectionWhite Christmas
58.3%
The Taylor Swift Holiday CollectionSilent Night
58.3%
SingleRonan
58.3%
RedI Almost Do
58.3%
RedStay Stay Stay
58.3%
RedThe Last Time
58.3%
RedGirl At Home
58.3%
Taylor SwiftTied Together With A Smile
55.6%
UnreleasedPermanent Marker
52.8%
Taylor SwiftMary's Song (Oh My My My)
52.8%
Love Drunk (with Boys Like Girls)Two Is Better Than One
52.8%
The Taylor Swift Holiday CollectionChristmases When You Were Mine
47.2%
The Taylor Swift Holiday CollectionChristmas Must Be Something More
44.4%
UnreleasedYour Anything
41.7%
Speak Now World TourDrops of Jupiter
36.1%
UnreleasedYour Face
33.3%
UnreleasedLucky You
30.6%
Speak Now World TourI Want You Back
27.8%
UnreleasedNevermind
25%
Speak Now World TourBette Davis Eyes
25%
UnreleasedDark Blue Tennessee
22.9%
UnreleasedBrought Up That Way
17.1%
UnreleasedDidn't They
11.4%
UnreleasedAngelina
11.4%
UnreleasedWhat To Wear
11.4%
UnreleasedDiary of Me
11.1%
UnreleasedCan I Go With You
8.3%
UnreleasedThis Is Really Happening
5.6%
UnreleasedSmoky Black Nights
2.9%
UnreleasedWhen Daddy Let Me Drive
2.8%
UnreleasedThere's You Trouble
0%
Remove Ads.
Support Sporcle.
Get the best of Sporcle when you Go Orange. This ad-free experience offers more features, more stats, and more fun while also helping to support Sporcle. Thank you for becoming a member.

You're not logged in!

Compare scores with friends on all Sporcle quizzes.
OR
Log In

Show Comments

Extras

Created Dec 15, 2012ReportNominate
Tags:Taylor Swift Quiz, fearless, Red

Top Quizzes Today


Score Distribution

Your Account Isn't Verified!

In order to create a playlist on Sporcle, you need to verify the email address you used during registration. Go to your Sporcle Settings to finish the process.

Report this User

Report this user for behavior that violates our Community Guidelines.

Details: